[Event "Cilacap PCNI Cup"]
[Site "Cilacap"]
[Date "2017.11.22"]
[Round "9"]
[White "Iman S, Oscar"]
[Black "Hanfin, Zahra Chumaira Amel"]
[Result "1/2-1/2"]
[WhiteElo "2333"]
[BlackElo "1966"]
[PlyCount "52"]
[EventDate "2017.11.18"]
[EventType "tourn"]
[EventRounds "10"]
[EventCountry "INA"]
[SourceTitle "CBM 181 Extra"]
[Source "ChessBase"]
[SourceDate "2017.12.12"]
[SourceVersion "1"]
[SourceVersionDate "2017.12.12"]
[SourceQuality "1"]

1. c4 Nf6 2. Nc3 e6 3. e4 d6 4. d4 Be7 5. Nf3 0-0 6. Bd3 c5 7. dxc5 dxc5 8. e5 Nfd7 9. 0-0 Nc6 10. Re1 Re8 11. Bf4 Nf8 12. Be4 Nd4 13. Nxd4 cxd4 14. Nb5 Bc5 15. Qf3 Qb6 16. a4 a5 17. h4 Rb8 18. b3 Bd7 19. Rad1 Bxb5 20. axb5 Qc7 21. h5 Red8 22. Bd3 Ra8 23. Ra1 Bb4 24. Re4 Bc3 25. Ra4 Nd7 26. h6 g6 1/2-1/2

[Event "Cilacap PCNI Cup"]
[Site "Cilacap"]
[Date "2017.11.22"]
[Round "10"]
[White "Verdiana, Norasa"]
[Black "Iman S, Oscar"]
[Result "0-1"]
[WhiteElo "2040"]
[BlackElo "2333"]
[PlyCount "52"]
[EventDate "2017.11.18"]
[EventType "tourn"]
[EventRounds "10"]
[EventCountry "INA"]
[SourceTitle "CBM 181 Extra"]
[Source "ChessBase"]
[SourceDate "2017.12.12"]
[SourceVersion "1"]
[SourceVersionDate "2017.12.12"]
[SourceQuality "1"]

1. e4 d6 2. d4 Nf6 3. Nc3 g6 4. Be3 Bg7 5. f3 c6 6. Qd2 b5 7. Bh6 Bxh6 8. Qxh6 b4 9. Nce2 e5 10. g4 Qe7 11. 0-0-0 Qf8 12. Qg5 Qe7 13. Ng3 Nbd7 14. N1e2 Nb6 15. f4 Nxg4 16. Qxe7+ Kxe7 17. Re1 h5 18. h3 Ne3 19. dxe5 dxe5 20. fxe5 h4 21. Nd4 c5 22. Nc6+ Kd7 23. Rxe3 hxg3 24. Bb5 a6 25. e6+ Kc7 26. Bf1 Kxc6 0-1

[Event "Cilacap PCNI Cup"]
[Site "Cilacap"]
[Date "2017.11.19"]
[Round "3"]
[White "Iman S, Oscar"]
[Black "Monica, Putri Wigustira"]
[Result "1/2-1/2"]
[WhiteElo "2333"]
[BlackElo "2217"]
[PlyCount "71"]
[EventDate "2017.11.18"]
[EventType "tourn"]
[EventRounds "10"]
[EventCountry "INA"]
[SourceTitle "CBM 181 Extra"]
[Source "ChessBase"]
[SourceDate "2017.12.12"]
[SourceVersion "1"]
[SourceVersionDate "2017.12.12"]
[SourceQuality "1"]

1. c4 b6 2. Nc3 Bb7 3. d4 e6 4. Nf3 Nf6 5. e3 Be7 6. Bd3 d6 7. 0-0 Nbd7 8. a3 0-0 9. b4 c5 10. Bb2 e5 11. d5 g6 12. Nd2 Ne8 13. e4 Ng7 14. Ne2 Rc8 15. Kh1 Bg5 16. Ng3 Rc7 17. Re1 Be7 18. Ndf1 Bc8 19. Ne3 Nb8 20. Ne2 f5 21. exf5 Nxf5 22. Nxf5 Bxf5 23. f3 Qc8 24. b5 Bxd3 25. Qxd3 Qf5 26. Qb3 Bf6 27. Ng3 Qc8 28. Ne4 Be7 29. a4 Nd7 30. a5 Rf5 31. axb6 axb6 32. Ra6 Rb7 33. Qa3 Rf8 34. Bc1 Kg7 35. Qe3 Nb8 36. Ra2 1/2-1/2

[Event "Pools schev"]
[Site "Singapore"]
[Date "1997.??.??"]
[Round "5"]
[White "Iman S, Oscar"]
[Black "Barcenilla, Rogelio"]
[Result "1/2-1/2"]
[WhiteElo "2340"]
[BlackElo "2465"]
[PlyCount "63"]
[EventDate "1997.05.31"]
[EventType "schev"]
[EventRounds "10"]
[EventCountry "SIN"]
[SourceTitle "CBM 058 Extra"]
[Source "ChessBase"]
[SourceDate "1997.07.29"]
[SourceVersion "1"]
[SourceVersionDate "1997.07.29"]
[SourceQuality "1"]

1. Nf3 Nf6 2. g3 g6 3. Bg2 Bg7 4. d3 0-0 5. 0-0 c5 6. e4 Nc6 7. c4 a6 8. Nc3 Rb8 9. h3 b5 10. e5 Ne8 11. Re1 d6 12. exd6 Nxd6 13. cxb5 axb5 14. Bf4 h6 15. Qd2 Kh7 16. Be3 Nd4 17. Bxd4 cxd4 18. Nd5 Be6 19. Nb4 Rc8 20. Rac1 Qb6 21. a3 Nb7 22. Qe2 Nc5 23. h4 Nb3 24. Rxc8 Rxc8 25. h5 g5 26. Ne5 Qd6 27. Nec6 Bf6 28. Kh2 Kh8 29. Qf3 Qc5 30. Qd1 Qf5 31. Rxe6 Qxe6 32. Bh3 1/2-1/2

[Event "Pools schev"]
[Site "Singapore"]
[Date "1997.??.??"]
[Round "1"]
[White "Iman S, Oscar"]
[Black "Tu, Hoang Thong"]
[Result "0-1"]
[WhiteElo "2340"]
[BlackElo "2475"]
[PlyCount "48"]
[EventDate "1997.05.31"]
[EventType "schev"]
[EventRounds "10"]
[EventCountry "SIN"]
[SourceTitle "CBM 058 Extra"]
[Source "ChessBase"]
[SourceDate "1997.07.29"]
[SourceVersion "1"]
[SourceVersionDate "1997.07.29"]
[SourceQuality "1"]

1. Nf3 f5 2. g3 Nf6 3. Bg2 d6 4. c4 e5 5. d3 Be7 6. Nc3 0-0 7. 0-0 Na6 8. b3 c6 9. Bb2 Qe8 10. e3 Qh5 11. Nh4 Qh6 12. f4 Ng4 13. Qe2 exf4 14. exf4 Bxh4 15. gxh4 Bd7 16. Rae1 Rae8 17. Qd2 Qxh4 18. h3 Nh6 19. Nd1 Nc5 20. Ne3 Rf7 21. Nc2 Rfe7 22. Rxe7 Rxe7 23. b4 Ne6 24. Qe3 Ng5 0-1

[Event "Pools schev"]
[Site "Singapore"]
[Date "1997.??.??"]
[Round "2"]
[White "Mariano, Nelson"]
[Black "Iman S, Oscar"]
[Result "0-1"]
[WhiteElo "2490"]
[BlackElo "2340"]
[PlyCount "76"]
[EventDate "1997.05.31"]
[EventType "schev"]
[EventRounds "10"]
[EventCountry "SIN"]
[SourceTitle "CBM 058 Extra"]
[Source "ChessBase"]
[SourceDate "1997.07.29"]
[SourceVersion "1"]
[SourceVersionDate "1997.07.29"]
[SourceQuality "1"]

1. e4 d6 2. d4 Nf6 3. Nc3 g6 4. Nf3 Bg7 5. Bf4 c6 6. Qd2 b5 7. Bd3 a6 8. Bh6 0-0 9. h3 Nbd7 10. a4 Bb7 11. Bxg7 Kxg7 12. e5 Ng8 13. h4 c5 14. Be4 Bxe4 15. Nxe4 cxd4 16. exd6 Re8 17. Qxd4+ Ngf6 18. 0-0-0 e5 19. Qe3 Nxe4 20. Qxe4 f5 21. Qe3 Rc8 22. h5 f4 23. Qb3 Rc4 24. hxg6 hxg6 25. axb5 axb5 26. Qxb5 Qc8 27. Ng5 Kf6 28. Nh7+ Kg7 29. Qb3 Qc6 30. Ng5 Kf6 31. Nh7+ Kg7 32. Rh3 Rb8 33. Qd3 e4 34. Qe2 Ra8 35. c3 e3 36. Ng5 Rxc3+ 37. Kb1 Ra4 38. bxc3 Qxc3 0-1